007390000a22002890004500500005300000650001200053650002500065650001500090650001600105650001100121650001300132650002400145650001200169651001000181082002400191518001100215530000600226100001800232100002200250245005200272260006700324260000900391041000800400300001600408942000800424999001700432 aInternational Development Research Centre (IDRC) aPoverty aSocioeconomic status aDemography aFarm income aIncome aResearch aEconomic conditions aFarmers aNepal a339.46072bSh23mcN a980220 aM aSharma, Shiva aChhetry, Devendra aMIMAP research on poverty in Nepal; a synthesis aKathmandubAgricultural Project Sources Center (APROSC), Nepal c1996 aEng a13p.billus cGEN c13462d13462